Neurolysis of brachial plexus and peripheral nerves of upper extremities

Bibliographic Details
Main Author: Matejčík, Viktor, 1951- (Author)
Format: Article
Language:Slovak
English
PhysicalDescription:Tab.
ISSN:1335-8421
Subjects:

MARC

LEADER 00000nab a2200000 a 4500
001 vtls008875402
003 SK-MaSNL
005 20260304142034.0
008 250505c2005 xo 0 slo
015 |a SNBCL2005/5 
035 |a SLK037150 
035 |a (urnnbn)urn:nbn:sk:snk:ar-a07q2q 
035 |a (uuid)95e282dc-c464-492b-8684-66d14fa4f0d8 
035 |a urn:nbn:sk:snk-ab8ayh 
040 |a SNKBUCL  |b slo  |c SNKBUCL  |e AACR2 
041 0 |a eng  |b eng 
044 |a xo  |c SK 
080 |a 616.833-001-089.844:611.97  |2 1981 
100 1 |a Matejčík, Viktor,  |d 1951-  |4 aut  |9 12959 
245 1 0 |a Neurolysis of brachial plexus and peripheral nerves of upper extremities  |c Viktor Matejčík 
300 |b Tab. 
504 |a Res. angl. 
504 |a Bibliogr. odkazy 
650 0 7 |a plexus brachialis, neuropatie  |x diagnostika  |2 MESH  |9 1460998 
650 0 7 |a nervy periférne  |x poranenia  |2 MESH  |9 1077516 
650 0 7 |a plexus brachialis  |x poranenia  |2 MESH  |9 1077513 
650 0 7 |a výkony neurochirurgické  |2 MESH  |9 858579 
650 0 7 |a fibróza  |x klasifikácia  |2 MESH  |9 855837 
650 0 7 |a poranenia  |2 MESH  |9 1162 
650 0 7 |a horné končatiny  |2 MESH  |9 114419 
773 0 |t Acta medica Martiniana  |g Roč. 5, č. 3 (2005), s. 30-36  |x 1335-8421 
850 |a Slovenská národná knižnica 
852 |a Slovenská národná knižnica 
958 |a article9 
958 |a OND 
958 |a EUIPO 
999 |c 2920244  |d 2922174